[Event "Portugal Open Semirrapidas"]
[Site "Lisboa POR"]
[Date "2020.02.02"]
[Round "5.1"]
[White "ITURRIZAGA, Eduardo"]
[Black "INDJIC, Aleksandar"]
[Result "0-1"]
[BlackElo "2533"]
[WhiteElo "2643"]
[LiveChessVersion "1.4.8"]

1. c4 e5 2. g3 Nc6 3. Bg2 h5 4. h4 Nf6 5. Nf3 Bc5 6. d3 a6 7. Nc3 d6 8. Bg5 Be6
9. a3 Qd7 10. Bxf6 gxf6 11. Ne4 Qe7 12. Nxc5 dxc5 13. Nd2 Bd7 14. Ne4 f5 15. Nc3
O-O-O 16. Nd5 Qd6 17. O-O f4 18. b4 Rhg8 19. b5 axb5 20. cxb5 Nd4 21. e3 f3 22.
Bh1 Ne2+ 23. Kh2 Qxd5 24. Re1 Qe6 0-1

[Event "Portugal Open Semirrapidas"]
[Site "Lisboa POR"]
[Date "2020.02.02"]
[Round "5.2"]
[White "SABUK, Piotr"]
[Black "ALEKSEEV, Evgeny"]
[Result "0-1"]
[BlackElo "2621"]
[WhiteElo "2398"]
[LiveChessVersion "1.4.8"]

1. d4 {[%clk 0:15:08]} Nf6 {[%clk 0:15:08]} 2. c4 {[%clk 0:15:11]} e6
{[%clk 0:15:11]} 3. Nf3 {[%clk 0:15:13]} d5 {[%clk 0:15:13]} 4. g3
{[%clk 0:15:13]} dxc4 {[%clk 0:15:08]} 5. Bg2 {[%clk 0:15:16]} Nc6
{[%clk 0:15:08]} 6. Qa4 {[%clk 0:15:12]} Nd7 {[%clk 0:15:04]} 7. Qxc4
{[%clk 0:14:54]} Nb6 {[%clk 0:15:06]} 8. Qb5 {[%clk 0:14:45]} a6 {[%clk 0:15:09]}
9. Qd3 {[%clk 0:14:39]} e5 {[%clk 0:15:10]} 10. Nxe5 {[%clk 0:14:27]} Nb4
{[%clk 0:15:13]} 11. Qd1 {[%clk 0:14:08]} Qxd4 {[%clk 0:15:04]} 12. Qxd4
{[%clk 0:14:06]} Nc2+ {[%clk 0:15:06]} 13. Kd1 {[%clk 0:13:55]} Nxd4
{[%clk 0:15:08]} 14. Be3 {[%clk 0:13:49]} Nb5 {[%clk 0:14:12]} 15. Bxb6
{[%clk 0:13:09]} cxb6 {[%clk 0:14:15]} 16. e3 {[%clk 0:13:03]} f6
{[%clk 0:11:15]} 17. Nc4 {[%clk 0:12:00]} Bg4+ {[%clk 0:10:58]} 18. Ke1
{[%clk 0:12:02]} Bb4+ {[%clk 0:07:05]} 19. Nbd2 {[%clk 0:11:42]} Rc8
{[%clk 0:06:00]} 20. Rc1 {[%clk 0:11:31]} Ke7 {[%clk 0:05:01]} 21. f3
{[%clk 0:08:03]} Be6 {[%clk 0:04:21]} 22. Ke2 {[%clk 0:07:57]} Rhd8
{[%clk 0:02:52]} 23. Rhd1 {[%clk 0:04:39]} Bxd2 {[%clk 0:02:45]} 24. Nxd2
{[%clk 0:04:35]} Bxa2 {[%clk 0:02:47]} 25. f4 {[%clk 0:04:03]} Rxc1
{[%clk 0:02:49]} 26. Rxc1 {[%clk 0:04:07]} Bd5 {[%clk 0:02:52]} 27. Bxd5
{[%clk 0:02:51]} Rxd5 {[%clk 0:02:56]} 28. Rc8 {[%clk 0:01:33]} Rd8
{[%clk 0:02:24]} 29. Rc2 {[%clk 0:01:24]} Nd6 {[%clk 0:02:06]} 30. e4
{[%clk 0:01:25]} Rc8 {[%clk 0:01:41]} 31. Rxc8 {[%clk 0:01:25]} Nxc8
{[%clk 0:01:45]} 32. Kd3 {[%clk 0:01:29]} Nd6 {[%clk 0:01:35]} 33. Kd4
{[%clk 0:01:29]} Nb5+ {[%clk 0:01:18]} 34. Kd5 {[%clk 0:01:31]} Nc7+
{[%clk 0:01:15]} 35. Kd4 {[%clk 0:01:35]} Kd7 {[%clk 0:01:03]} 36. e5
{[%clk 0:00:51]} fxe5+ {[%clk 0:01:03]} 37. Kxe5 {[%clk 0:00:54]} b5
{[%clk 0:01:01]} 38. f5 {[%clk 0:00:52]} a5 {[%clk 0:00:38]} 39. g4
{[%clk 0:00:55]} a4 {[%clk 0:00:35]} 40. g5 {[%clk 0:00:21]} b4 {[%clk 0:00:34]}
41. Kd4 {[%clk 0:00:09]} a3 {[%clk 0:00:11]} 42. bxa3 {[%clk 0:00:08]} bxa3
{[%clk 0:00:15]} 43. Kc3 {[%clk 0:00:12]} Nb5+ {[%clk 0:00:13]} 44. Kb3
{[%clk 0:00:11]} Nd4+ {[%clk 0:00:16]} 45. Kxa3 {[%clk 0:00:15]} Nxf5
{[%clk 0:00:20]} 46. Kb4 {[%clk 0:00:18]} Kc6 {[%clk 0:00:22]} 47. Nc4
{[%clk 0:00:16]} Nh4 {[%clk 0:00:17]} 48. Ne5+ {[%clk 0:00:10]} Kd5
{[%clk 0:00:18]} 49. Nd7 {[%clk 0:00:12]} Nf3 {[%clk 0:00:16]} 50. Nf8
{[%clk 0:00:15]} Nxg5 {[%clk 0:00:15]} 51. h4 {[%clk 0:00:19]} Nf3
{[%clk 0:00:16]} 52. Nxh7 {[%clk 0:00:22]} Nxh4 {[%clk 0:00:16]} 53. Kb5
{[%clk 0:00:25]} Nf3 {[%clk 0:00:17]} 54. Kb6 {[%clk 0:00:24]} Ke6
{[%clk 0:00:18]} 55. Kxb7 {[%clk 0:00:27]} Kf7 {[%clk 0:00:22]} 56. Kc6
{[%clk 0:00:23]} Kg8 {[%clk 0:00:26]} 0-1

[Event "Portugal Open Semirrapidas"]
[Site "Lisboa POR"]
[Date "2020.02.02"]
[Round "5.3"]
[White "GHAMARIAN, Tigran"]
[Black "JANIK, Igor"]
[Result "1/2-1/2"]
[BlackElo "2527"]
[WhiteElo "2597"]
[LiveChessVersion "1.4.8"]

1. e4 {[%clk 0:15:07]} c6 {[%clk 0:15:09]} 2. Nf3 {[%clk 0:15:10]} d5
{[%clk 0:15:13]} 3. d3 {[%clk 0:15:13]} Bg4 {[%clk 0:15:13]} 4. h3
{[%clk 0:15:16]} Bxf3 {[%clk 0:15:12]} 5. Qxf3 {[%clk 0:15:19]} e6
{[%clk 0:15:14]} 6. g3 {[%clk 0:15:16]} Nf6 {[%clk 0:15:13]} 7. Bg2
{[%clk 0:15:17]} Nbd7 {[%clk 0:15:12]} 8. O-O {[%clk 0:15:15]} Be7
{[%clk 0:15:15]} 9. Qe2 {[%clk 0:15:18]} O-O {[%clk 0:15:10]} 10. Nd2
{[%clk 0:15:15]} Qc7 {[%clk 0:15:01]} 11. Nf3 {[%clk 0:15:10]} Bd6
{[%clk 0:14:31]} 12. Re1 {[%clk 0:14:58]} dxe4 {[%clk 0:14:35]} 13. dxe4
{[%clk 0:15:01]} Ne5 {[%clk 0:14:38]} 14. Nxe5 {[%clk 0:14:43]} Bxe5
{[%clk 0:14:41]} 15. c3 {[%clk 0:14:48]} Rfd8 {[%clk 0:14:27]} 16. Kh2
{[%clk 0:14:26]} Nd7 {[%clk 0:14:28]} 17. Be3 {[%clk 0:14:10]} g6
{[%clk 0:14:22]} 18. Rad1 {[%clk 0:14:13]} Nb6 {[%clk 0:14:26]} 19. Bg5
{[%clk 0:14:00]} Rxd1 {[%clk 0:13:59]} 20. Rxd1 {[%clk 0:14:03]} Bd6
{[%clk 0:13:54]} 21. h4 {[%clk 0:13:41]} Be7 {[%clk 0:13:57]} 22. Bf4
{[%clk 0:13:44]} e5 {[%clk 0:14:01]} 23. Be3 {[%clk 0:13:21]} h5 {[%clk 0:13:59]}
24. Bf3 {[%clk 0:12:40]} Rd8 {[%clk 0:13:52]} 25. Qf1 {[%clk 0:12:34]} Na4
{[%clk 0:13:22]} 26. Rxd8+ {[%clk 0:11:37]} Qxd8 {[%clk 0:13:25]} 27. Qc4
{[%clk 0:11:41]} Nb6 {[%clk 0:13:22]} 28. Qb3 {[%clk 0:11:37]} Qd3
{[%clk 0:13:05]} 29. Qd1 {[%clk 0:10:42]} Qxd1 {[%clk 0:12:05]} 30. Bxd1
{[%clk 0:10:46]} Nc4 {[%clk 0:12:09]} 31. Bc1 {[%clk 0:10:48]} Bc5
{[%clk 0:12:13]} 32. Kg2 {[%clk 0:10:52]} b5 {[%clk 0:12:18]} 33. Bc2
{[%clk 0:10:19]} Kg7 {[%clk 0:12:05]} 34. Kf3 {[%clk 0:10:21]} a5
{[%clk 0:12:03]} 35. a4 {[%clk 0:10:14]} Nd6 {[%clk 0:12:03]} 36. Bb3
{[%clk 0:09:29]} f5 {[%clk 0:11:16]} 37. exf5 {[%clk 0:09:29]} gxf5
{[%clk 0:11:20]} 38. Bc2 {[%clk 0:09:04]} Kg6 {[%clk 0:10:30]} 39. b3
{[%clk 0:07:54]} Nf7 {[%clk 0:09:33]} 40. Ke2 {[%clk 0:07:47]} Kf6
{[%clk 0:09:07]} 41. f3 {[%clk 0:07:41]} Bb6 {[%clk 0:08:43]} 42. Ba3
{[%clk 0:07:40]} Nd8 {[%clk 0:08:09]} 43. axb5 {[%clk 0:06:17]} cxb5
{[%clk 0:08:13]} 44. Bd3 {[%clk 0:06:22]} b4 {[%clk 0:07:42]} 45. cxb4
{[%clk 0:06:24]} axb4 {[%clk 0:07:46]} 46. Bxb4 {[%clk 0:06:26]} Nc6
{[%clk 0:07:51]} 47. Bc3 {[%clk 0:06:28]} Nd4+ {[%clk 0:07:55]} 48. Bxd4
{[%clk 0:06:21]} Bxd4 {[%clk 0:07:57]} 49. b4 {[%clk 0:06:24]} Bg1
{[%clk 0:07:39]} 50. b5 {[%clk 0:06:04]} Ke6 {[%clk 0:07:06]} 51. Bc2
{[%clk 0:05:26]} Kf6 {[%clk 0:06:35]} 52. Bb3 {[%clk 0:04:54]} Ke7
{[%clk 0:06:38]} 53. Bc4 {[%clk 0:04:56]} Bc5 {[%clk 0:06:14]} 54. Bd5
{[%clk 0:04:57]} Bb6 55. Bb7 {[%clk 0:04:55]} Kd7 {[%clk 0:06:04]} 56. Kf1
{[%clk 0:04:16]} Bc5 {[%clk 0:05:44]} 57. Kg2 {[%clk 0:04:18]} Bb6
{[%clk 0:05:39]} 58. Kh3 {[%clk 0:02:22]} Bc5 {[%clk 0:05:43]} 59. Kg2
{[%clk 0:02:00]} Bb6 {[%clk 0:05:47]} 60. Bd5 {[%clk 0:02:04]} Ke7
{[%clk 0:05:51]} 61. Bg8 {[%clk 0:02:01]} Bc5 {[%clk 0:05:45]} 62. Bc4
{[%clk 0:01:57]} Bb6 {[%clk 0:05:42]} 63. Bd3 {[%clk 0:01:21]} Ke6
{[%clk 0:05:42]} 64. Bc2 {[%clk 0:01:25]} Bc5 {[%clk 0:05:45]} 65. Bd1
{[%clk 0:01:28]} Be3 {[%clk 0:05:47]} 66. Bb3+ {[%clk 0:01:10]} Ke7
{[%clk 0:05:50]} 67. Bd5 {[%clk 0:01:08]} Bb6 {[%clk 0:05:52]} 68. Bb7
{[%clk 0:01:08]} Kd7 {[%clk 0:05:56]} 69. f4 {[%clk 0:01:12]} exf4
{[%clk 0:05:26]} 70. gxf4 {[%clk 0:01:16]} Ba5 {[%clk 0:05:10]} 71. Kf2
{[%clk 0:00:54]} Bd8 {[%clk 0:05:13]} 72. Kg3 {[%clk 0:00:57]} Ba5
{[%clk 0:05:16]} 73. Bc6+ {[%clk 0:00:36]} Ke7 {[%clk 0:05:11]} 74. Bf3
{[%clk 0:00:38]} Be1+ {[%clk 0:05:14]} 75. Kg2 {[%clk 0:00:26]} Bd2
{[%clk 0:05:03]} 76. Kg3 {[%clk 0:00:23]} Be1+ {[%clk 0:05:06]} 1/2-1/2

[Event "Portugal Open Semirrapidas"]
[Site "Lisboa POR"]
[Date "2020.02.02"]
[Round "5.4"]
[White "SOUSA, Ludy"]
[Black "GRIGORYAN, Karen H."]
[Result "0-1"]
[BlackElo "2667"]
[WhiteElo "2083"]
[LiveChessVersion "1.4.8"]

1. e4 {[%clk 0:15:08]} e5 {[%clk 0:15:00]} 2. Nf3 {[%clk 0:15:07]} Nc6
{[%clk 0:15:03]} 3. Bc4 {[%clk 0:15:08]} Nf6 {[%clk 0:15:05]} 4. Ng5
{[%clk 0:15:08]} d5 {[%clk 0:15:09]} 5. exd5 {[%clk 0:15:12]} Na5
{[%clk 0:15:13]} 6. d3 {[%clk 0:15:14]} Bg4 {[%clk 0:13:32]} 7. f3
{[%clk 0:13:48]} Bf5 {[%clk 0:13:36]} 8. Qe2 {[%clk 0:13:50]} Nxc4
{[%clk 0:13:06]} 9. dxc4 {[%clk 0:13:52]} Bd6 {[%clk 0:13:00]} 10. Nc3
{[%clk 0:13:39]} O-O {[%clk 0:12:53]} 11. Nge4 {[%clk 0:12:46]} Nd7
{[%clk 0:11:52]} 12. Nxd6 {[%clk 0:12:17]} cxd6 {[%clk 0:11:56]} 13. O-O
{[%clk 0:12:20]} Qb6+ {[%clk 0:11:21]} 14. Kh1 {[%clk 0:11:52]} a6
{[%clk 0:11:10]} 15. b3 {[%clk 0:11:39]} Rac8 {[%clk 0:10:55]} 16. Be3
{[%clk 0:11:18]} Qc7 {[%clk 0:10:54]} 17. a4 {[%clk 0:10:47]} Bg6
{[%clk 0:10:53]} 18. f4 {[%clk 0:10:40]} exf4 {[%clk 0:10:55]} 19. Bxf4
{[%clk 0:10:44]} Rfe8 {[%clk 0:10:54]} 20. Qd2 {[%clk 0:10:10]} Nf6
{[%clk 0:10:39]} 21. Rae1 {[%clk 0:10:01]} Ne4 {[%clk 0:10:40]} 22. Nxe4
{[%clk 0:09:42]} Bxe4 {[%clk 0:10:43]} 23. Re3 {[%clk 0:08:43]} f5
{[%clk 0:10:46]} 24. Rg3 {[%clk 0:08:39]} Rf8 {[%clk 0:09:22]} 25. a5
{[%clk 0:08:32]} Rce8 {[%clk 0:09:04]} 26. Be3 {[%clk 0:08:35]} Rf6
{[%clk 0:08:50]} 27. Re1 {[%clk 0:06:40]} Qf7 {[%clk 0:07:54]} 28. Rf1
{[%clk 0:05:25]} Rg6 {[%clk 0:07:34]} 29. Bf4 {[%clk 0:05:26]} Rxg3
{[%clk 0:07:23]} 30. Bxg3 {[%clk 0:05:13]} Qf6 {[%clk 0:07:24]} 31. h4
{[%clk 0:05:08]} h6 {[%clk 0:06:22]} 32. h5 {[%clk 0:04:33]} Rd8 {[%clk 0:06:11]}
33. Kh2 {[%clk 0:03:58]} Rd7 {[%clk 0:05:38]} 34. Rf2 {[%clk 0:03:47]} Kh7
{[%clk 0:05:36]} 35. Kh3 {[%clk 0:03:32]} Qg5 {[%clk 0:05:21]} 36. Qe2
{[%clk 0:03:26]} Re7 {[%clk 0:04:35]} 37. Bh4 {[%clk 0:03:30]} Bxg2+
{[%clk 0:04:32]} 38. Rxg2 {[%clk 0:03:12]} Re3+ {[%clk 0:04:35]} 39. Rg3
{[%clk 0:03:06]} Qxg3+ {[%clk 0:04:38]} 40. Bxg3 {[%clk 0:03:02]} Rxe2
{[%clk 0:04:42]} 41. Bxd6 {[%clk 0:03:05]} Rxc2 {[%clk 0:04:41]} 42. Be5
{[%clk 0:02:47]} Re2 {[%clk 0:04:40]} 43. Bf4 {[%clk 0:02:50]} Rb2
{[%clk 0:04:29]} 44. Bc7 {[%clk 0:02:09]} Rxb3+ {[%clk 0:04:30]} 45. Kg2
{[%clk 0:02:13]} Kg8 {[%clk 0:04:19]} 46. d6 {[%clk 0:01:55]} Rd3
{[%clk 0:04:22]} 47. Kf2 {[%clk 0:02:00]} Kf7 {[%clk 0:04:26]} 48. Ke2
{[%clk 0:02:04]} Rd4 {[%clk 0:04:30]} 49. Ke3 {[%clk 0:02:01]} Re4+
{[%clk 0:04:33]} 50. Kd3 {[%clk 0:01:58]} Ke6 {[%clk 0:04:37]} 0-1

[Event "Portugal Open Semirrapidas"]
[Site "Lisboa POR"]
[Date "2020.02.02"]
[Round "5.5"]
[White "MOTYLEV, Alexander"]
[Black "JARACZ, Pawel"]
[Result "1/2-1/2"]
[BlackElo "2434"]
[WhiteElo "2711"]
[LiveChessVersion "1.4.8"]

1. e4 {[%clk 0:15:08]} c6 {[%clk 0:15:06]} 2. Nf3 {[%clk 0:14:56]} d5
{[%clk 0:15:08]} 3. Nc3 {[%clk 0:15:00]} Bg4 {[%clk 0:14:30]} 4. h3
{[%clk 0:15:03]} Bxf3 {[%clk 0:14:34]} 5. Qxf3 {[%clk 0:15:06]} e6
{[%clk 0:14:38]} 6. g3 {[%clk 0:15:04]} Nd7 {[%clk 0:14:05]} 7. Bg2
{[%clk 0:15:07]} Qb6 {[%clk 0:13:32]} 8. O-O {[%clk 0:15:00]} Ngf6
{[%clk 0:13:31]} 9. d3 {[%clk 0:14:51]} Bd6 {[%clk 0:13:03]} 10. g4
{[%clk 0:14:13]} h6 {[%clk 0:13:03]} 11. Qe2 {[%clk 0:14:15]} dxe4
{[%clk 0:12:51]} 12. dxe4 {[%clk 0:14:14]} e5 {[%clk 0:12:54]} 13. Rd1
{[%clk 0:13:55]} Qc7 {[%clk 0:12:49]} 14. Qd3 {[%clk 0:12:32]} Be7
{[%clk 0:12:48]} 15. Qg3 {[%clk 0:12:33]} Bd6 {[%clk 0:11:35]} 16. b3
{[%clk 0:07:15]} Nf8 {[%clk 0:11:20]} 17. Bb2 {[%clk 0:07:10]} Ng6
{[%clk 0:10:42]} 18. Ne2 {[%clk 0:07:03]} O-O-O {[%clk 0:10:39]} 19. h4
{[%clk 0:06:08]} Kb8 {[%clk 0:09:56]} 20. f3 {[%clk 0:05:12]} Nf4
{[%clk 0:09:42]} 21. Bf1 {[%clk 0:04:58]} g5 {[%clk 0:09:01]} 22. h5
{[%clk 0:04:31]} Nd7 {[%clk 0:08:09]} 23. Qe1 {[%clk 0:04:11]} Nxe2+
{[%clk 0:07:56]} 24. Bxe2 {[%clk 0:04:15]} Bc5+ {[%clk 0:07:55]} 25. Kh1
{[%clk 0:04:11]} Nb6 {[%clk 0:07:36]} 26. a4 {[%clk 0:04:11]} Bd4
{[%clk 0:07:24]} 27. c3 {[%clk 0:03:54]} Be3 {[%clk 0:07:23]} 28. a5
{[%clk 0:03:46]} Nc8 {[%clk 0:07:16]} 29. b4 {[%clk 0:03:43]} Rxd1
{[%clk 0:06:13]} 30. Rxd1 {[%clk 0:03:44]} Rd8 {[%clk 0:05:58]} 31. Bc4
{[%clk 0:03:17]} Rxd1 {[%clk 0:05:41]} 32. Qxd1 {[%clk 0:03:21]} Nd6 33. Bb3
{[%clk 0:03:04]} f6 {[%clk 0:03:26]} 34. Qd3 {[%clk 0:02:58]} Bf4
{[%clk 0:03:25]} 35. c4 {[%clk 0:02:38]} c5 {[%clk 0:03:14]} 36. Bc3
{[%clk 0:02:13]} b6 {[%clk 0:02:37]} 37. Kg2 {[%clk 0:02:02]} Nb7
{[%clk 0:01:54]} 38. a6 {[%clk 0:01:48]} cxb4 {[%clk 0:01:58]} 39. Bxb4
{[%clk 0:01:48]} Nc5 {[%clk 0:02:02]} 40. Qd5 {[%clk 0:01:50]} Qd7
{[%clk 0:01:31]} 41. Qxd7 {[%clk 0:01:37]} Nxd7 {[%clk 0:01:25]} 42. Bd6+
{[%clk 0:01:39]} Kc8 {[%clk 0:01:29]} 43. Ba4 {[%clk 0:01:19]} Be3
{[%clk 0:00:51]} 44. Be7 {[%clk 0:00:41]} Bc5 {[%clk 0:00:40]} 45. Bxd7+
{[%clk 0:00:43]} Kxd7 {[%clk 0:00:44]} 46. Bxf6 {[%clk 0:00:46]} Ke6
{[%clk 0:00:27]} 47. Bg7 {[%clk 0:00:38]} Be7 {[%clk 0:00:25]} 48. Bxh6
{[%clk 0:00:38]} Bd6 {[%clk 0:00:08]} 49. Kf1 {[%clk 0:00:23]} Kf7
{[%clk 0:00:12]} 50. Ke2 {[%clk 0:00:26]} Be7 {[%clk 0:00:17]} 51. Kd3
{[%clk 0:00:26]} Kg8 {[%clk 0:00:26]} 52. Kc3 {[%clk 0:00:20]} Kh7
{[%clk 0:00:30]} 53. Kb3 {[%clk 0:00:20]} Kxh6 {[%clk 0:00:30]} 54. Ka4
{[%clk 0:00:23]} Bc5 {[%clk 0:00:20]} 55. Kb5 {[%clk 0:00:25]} Bd4
{[%clk 0:00:20]} 56. Kc6 {[%clk 0:00:17]} Kg7 {[%clk 0:00:20]} 57. Kd6
{[%clk 0:00:21]} Kh6 {[%clk 0:00:20]} 58. Kd5 {[%clk 0:00:09]} Kg7
{[%clk 0:00:27]} 59. Ke6 {[%clk 0:00:08]} Bc3 {[%clk 0:00:20]} 60. Kf5
{[%clk 0:00:09]} Kh6 61. Kf6 Bd4 {[%clk 0:15:05]} 1/2-1/2

[Event "Portugal Open Semirrapidas"]
[Site "Lisboa POR"]
[Date "2020.02.02"]
[Round "5.6"]
[White "SANTOS, Antonio P"]
[Black "PETROV, Nikita"]
[Result "0-1"]
[BlackElo "2590"]
[WhiteElo "2116"]
[LiveChessVersion "1.4.8"]

1. d4 {[%clk 0:15:07]} Nf6 {[%clk 0:15:04]} 2. c4 {[%clk 0:15:09]} e6
{[%clk 0:15:06]} 3. Nf3 {[%clk 0:15:12]} d5 {[%clk 0:15:09]} 4. Nc3
{[%clk 0:15:15]} c5 {[%clk 0:15:13]} 5. cxd5 {[%clk 0:15:18]} cxd4
{[%clk 0:15:17]} 6. Qxd4 {[%clk 0:15:20]} exd5 {[%clk 0:15:20]} 7. Bg5
{[%clk 0:14:49]} Be7 {[%clk 0:15:23]} 8. e3 {[%clk 0:14:43]} Nc6 {[%clk 0:15:27]}
9. Qd1 {[%clk 0:14:42]} O-O {[%clk 0:15:18]} 10. Be2 {[%clk 0:14:35]} h6
{[%clk 0:15:03]} 11. Bh4 {[%clk 0:14:38]} Qb6 {[%clk 0:13:54]} 12. a3
{[%clk 0:10:17]} Be6 {[%clk 0:12:26]} 13. O-O {[%clk 0:10:15]} Rfd8
{[%clk 0:12:29]} 14. b4 {[%clk 0:07:42]} a6 {[%clk 0:11:40]} 15. Rc1
{[%clk 0:07:13]} d4 {[%clk 0:11:24]} 16. Na4 {[%clk 0:05:18]} Qa7
{[%clk 0:11:27]} 17. Rxc6 {[%clk 0:03:41]} dxe3 {[%clk 0:10:46]} 18. Rxe6
{[%clk 0:03:29]} Rxd1 {[%clk 0:10:42]} 19. Rxe7 {[%clk 0:03:33]} Rxf1+
{[%clk 0:09:57]} 20. Kxf1 {[%clk 0:03:36]} g5 {[%clk 0:04:13]} 21. Bg3
{[%clk 0:03:38]} Re8 {[%clk 0:04:16]} 22. Rxe8+ {[%clk 0:03:28]} Nxe8
{[%clk 0:04:20]} 23. Nc5 {[%clk 0:03:26]} a5 {[%clk 0:04:07]} 24. fxe3
{[%clk 0:03:26]} axb4 {[%clk 0:04:11]} 25. axb4 {[%clk 0:03:30]} Qa3
{[%clk 0:04:00]} 26. Nd3 {[%clk 0:03:27]} Nf6 {[%clk 0:03:53]} 27. h3
{[%clk 0:02:11]} Nd5 {[%clk 0:03:03]} 28. Kf2 {[%clk 0:02:06]} Nc3
{[%clk 0:02:06]} 29. Be5 {[%clk 0:01:50]} Ne4+ {[%clk 0:02:02]} 30. Kg1
{[%clk 0:01:53]} Qa2 {[%clk 0:01:39]} 31. Bf1 {[%clk 0:01:16]} Qb1
{[%clk 0:01:38]} 32. Nf2 {[%clk 0:00:22]} Qxb4 {[%clk 0:01:18]} 33. Nxe4
{[%clk 0:00:25]} Qxe4 {[%clk 0:01:22]} 34. Bd4 {[%clk 0:00:29]} Qb1
{[%clk 0:01:22]} 35. Kf2 {[%clk 0:00:33]} b5 {[%clk 0:01:21]} 36. Ne5
{[%clk 0:00:29]} Qc2+ {[%clk 0:01:11]} 37. Kf3 {[%clk 0:00:16]} Qf5+
{[%clk 0:01:05]} 38. Ke2 {[%clk 0:00:19]} b4 {[%clk 0:01:08]} 39. Ke1
{[%clk 0:00:18]} Qb1+ {[%clk 0:00:51]} 40. Kf2 {[%clk 0:00:22]} Qc2+
{[%clk 0:00:55]} 41. Be2 {[%clk 0:00:26]} b3 {[%clk 0:00:46]} 42. Nd3
{[%clk 0:00:28]} Qd2 {[%clk 0:00:48]} 43. g4 {[%clk 0:00:30]} Qc2
{[%clk 0:00:44]} 44. Nb2 {[%clk 0:00:33]} Qc7 {[%clk 0:00:35]} 45. Kg2
{[%clk 0:00:33]} Qc6+ {[%clk 0:00:38]} 46. Kg1 {[%clk 0:00:23]} Qe4
{[%clk 0:00:40]} 47. Kf2 {[%clk 0:00:22]} Qh1 {[%clk 0:00:42]} 48. Bf1
{[%clk 0:00:26]} Qe4 {[%clk 0:00:34]} 49. Bd3 {[%clk 0:00:27]} Qh1
{[%clk 0:00:27]} 50. Bf1 {[%clk 0:00:31]} Qh2+ {[%clk 0:00:30]} 51. Bg2
{[%clk 0:00:34]} Qc7 {[%clk 0:00:30]} 52. Bf1 {[%clk 0:00:15]} Kf8
{[%clk 0:00:24]} 53. Kf3 0-1

[Event "Portugal Open Semirrapidas"]
[Site "Lisboa POR"]
[Date "2020.02.02"]
[Round "5.7"]
[White "CAMPORA, Daniel"]
[Black "STACHOWIAK, Kamil"]
[Result "1/2-1/2"]
[BlackElo "2500"]
[WhiteElo "2367"]
[LiveChessVersion "1.4.8"]

1. e4 {[%clk 0:12:38]} c5 {[%clk 0:15:08]} 2. Nf3 {[%clk 0:12:39]} e6
{[%clk 0:15:11]} 3. c3 {[%clk 0:12:40]} Nf6 {[%clk 0:15:11]} 4. d3
{[%clk 0:12:36]} d6 {[%clk 0:15:07]} 5. Nbd2 {[%clk 0:12:31]} g6 {[%clk 0:15:09]}
6. a3 {[%clk 0:12:21]} Bg7 {[%clk 0:15:05]} 7. Be2 {[%clk 0:11:52]} O-O
{[%clk 0:15:07]} 8. O-O {[%clk 0:11:56]} Nc6 {[%clk 0:14:35]} 9. b4
{[%clk 0:11:51]} b6 {[%clk 0:14:28]} 10. b5 {[%clk 0:11:24]} Na5 {[%clk 0:14:24]}
11. Rb1 {[%clk 0:11:15]} Bb7 {[%clk 0:14:22]} 12. c4 {[%clk 0:11:07]} d5
{[%clk 0:14:20]} 13. Qc2 {[%clk 0:11:06]} Qc7 {[%clk 0:13:39]} 14. Re1
{[%clk 0:10:57]} Rad8 {[%clk 0:13:36]} 15. Bf1 {[%clk 0:10:34]} dxe4
{[%clk 0:12:39]} 16. Nxe4 {[%clk 0:09:53]} Bxe4 {[%clk 0:12:09]} 17. dxe4
{[%clk 0:09:45]} Ng4 {[%clk 0:11:51]} 18. Bg5 {[%clk 0:09:07]} Rd7
{[%clk 0:10:48]} 19. h3 {[%clk 0:07:42]} Ne5 {[%clk 0:10:50]} 20. Nh2
{[%clk 0:07:05]} h6 {[%clk 0:10:07]} 21. Be3 {[%clk 0:06:58]} Rfd8
{[%clk 0:10:10]} 22. Ng4 {[%clk 0:06:05]} Kh7 {[%clk 0:09:30]} 23. Be2
{[%clk 0:04:04]} Nxg4 {[%clk 0:06:33]} 24. hxg4 {[%clk 0:04:07]} Bd4
{[%clk 0:06:08]} 25. Qc1 {[%clk 0:03:12]} Bxe3 {[%clk 0:05:29]} 26. Qxe3
{[%clk 0:03:15]} Rd2 {[%clk 0:05:13]} 27. e5 {[%clk 0:03:00]} R8d4
{[%clk 0:04:51]} 28. Rbc1 {[%clk 0:02:35]} Qd8 {[%clk 0:04:54]} 29. Rc3
{[%clk 0:02:28]} Qg5 {[%clk 0:04:20]} 30. Qxg5 {[%clk 0:02:09]} hxg5
{[%clk 0:04:24]} 31. Kf1 {[%clk 0:02:02]} Kg7 {[%clk 0:04:15]} 32. f3
{[%clk 0:01:49]} Kf8 {[%clk 0:03:34]} 33. Rec1 {[%clk 0:01:42]} Ke7
{[%clk 0:03:04]} 34. Ke1 {[%clk 0:01:40]} Ra2 {[%clk 0:03:01]} 35. R1c2
{[%clk 0:01:30]} Ra1+ {[%clk 0:03:04]} 36. Rc1 {[%clk 0:01:34]} Rxc1+
{[%clk 0:03:06]} 37. Rxc1 {[%clk 0:01:38]} Rd8 {[%clk 0:02:09]} 38. Rc3
{[%clk 0:01:35]} Ra8 {[%clk 0:01:54]} 39. Kf2 {[%clk 0:01:30]} a6
{[%clk 0:01:52]} 40. a4 {[%clk 0:01:33]} axb5 {[%clk 0:01:40]} 41. axb5
{[%clk 0:01:13]} Nb7 {[%clk 0:01:32]} 42. Ke3 {[%clk 0:01:03]} Ra4
{[%clk 0:01:14]} 43. Bd1 {[%clk 0:01:06]} Ra2 {[%clk 0:01:15]} 44. Be2
{[%clk 0:01:02]} Na5 {[%clk 0:01:18]} 45. g3 {[%clk 0:01:02]} Rb2
{[%clk 0:00:58]} 46. Bd3 {[%clk 0:00:19]} Nb3 {[%clk 0:00:33]} 47. Rc2
{[%clk 0:00:20]} Rxc2 {[%clk 0:00:12]} 48. Bxc2 {[%clk 0:00:24]} Nd4
{[%clk 0:00:13]} 49. Bd3 {[%clk 0:00:27]} Nb3 {[%clk 0:00:15]} 50. Bc2
{[%clk 0:00:31]} Nd4 51. Bd3 Nb3 1/2-1/2